Progreso y arqueología

Saved in:
Bibliografiske detaljer
Hovedforfatter: Childe, Vere Gordon (Author)
Format: Bog
Sprog:spansk
Udgivet: Buenos Aires Dédalo 1960
Fag:
Tags: Tilføj Tag
Ingen Tags, Vær først til at tagge denne postø!

MARC

LEADER 00000nam a2200000 a 4500
001 UCP7862
003 CL-VaPUC
008 000106e19600000AG |||||||||||||||||spa|d
082 0 4 |a 930.1  |b CHI  |2 21 
100 0 |a Childe, Vere Gordon  |e author  |9 437516 
245 1 0 |a Progreso y arqueología 
300 |a 151 p 
942 |c BK 
945 |d 20000106 00:00:00  |a rherrera 
260 |a Buenos Aires  |b Dédalo  |c 1960 
650 0 |a Arqueología   |9 265619 
650 0 |a Historia  |9 255047 
650 0 |a Crítica e interpretación   |9 255042 
650 0 |a Cultura  |9 269059 
650 7 |a OBJETOS ARQUEOLOGICOS  |2 CL-VaPUC  |9 344521 
650 0 |a Rituales  |9 349198 
583 |a last modification  |c 20000106 00:00:00  |k Rodrigo Vera 
999 |c 284900  |d 284898 
952 |0 0  |1 0  |4 0  |6 930_100000000000000_CHI_1960  |7 0  |8 A  |9 329201  |a BIBHIS  |b BIBHIS  |d 2019-11-20  |i 1377612  |o 930.1 CHI 1960  |p 1377612  |r 2025-01-20  |w 2019-11-20  |y BK  |k HIS 
952 |0 0  |1 0  |4 0  |6 930_100000000000000_CHI_1960  |7 0  |8 A  |9 329202  |a BIBHIS  |b BIBHIS  |d 2019-11-20  |i 1377639  |o 930.1 CHI 1960  |p 1377639  |r 2025-01-20  |w 2019-11-20  |y BK  |k HIS